000 00375nam a2200145Ia 4500
008 180802s9999||||xx |||||||||||||| ||und||
020 _a9781454926535
082 _a745.4
_bBRI/B
100 _aBridgman, George B.
245 0 _aBridgman's Complete Guide to Drawing from Life
250 _a5th Edition
260 _aNew yark
_bSterling
_c2017
300 _a340p.
942 _cBK
999 _c2335
_d2335